00726nam a22001097a 4500040000800000082002700008100003900035245047500074260002600549300002600575856001500601 cRUA aAGR LEN 2015 B519 Or.1 aLENG SEIHA; ឡេង សីហា aEffect of different rates of KLC fertilizer on growth of sweet potato growth in crop sstation of royal university of agriculture ; ឥទ្ធិពលនៃកម្រិតជីប៉ូតាស្យូមក្លរួខុសគ្នាទៅលើការលូតលាស់ដំណាំដំឡូងជ្វានៅស្ថានីយ៍ពិសោធន៍នៃសាកលវិទ្យាល័យភូមិន្ទកសិកម្ម aPhnom PenhbRUAc2015 aix; 40p;bill;c29cm; uLENG SEIHA